000 00660nam a2200265Ia 4500
005 20260320203352.0
008 008 262003s9999 xx 000 0 eng d
020 _a978-981-97-3835-9
037 _aEBOOK
040 _aCRL
040 _beng
040 _cCRL
041 _2eng
041 _aeng
084 _qCRL
100 _aLi Xiong, Houcai Wang
_91137505
245 0 _aUser-Driven Cross-Border E-Commerce Platform Competition and Policy Analysis
260 _bSpringer
260 _c2024
650 _aPhysics
856 _uhttps://doi.org/10.1007/978-981-97-3835-9
942 _cEBOOK
999 _c1726306
_d1726306